00698nam a2200205 a 450000100100000000500170001000800410002702000150006802000180008304000250010108200160012624501160014226000620025830000280032049000250034850400320037370000320040570000300043783000250046700000250620200929150212.0090702s1984 sp a 000 0 spa d a848616821X a9788486168216 aDO-SdBNPbspacBNPHU axxxxbL514i03aLa legibilidad. Investigaciones actuales /cdirigida por Francois Richaudeau ; traducción Fernando Jiménez. aMadrid :bFundación German Sánchez Ruipérez,c1984. a212 p. :bil. ;c21 cm.1 aBiblioteca del Libro aBibliografía : p. 211-2121 aRichaudeau, Francois,edir.1 aJiménez, Fernando,etr. 0aBiblioteca del libro